Administrative Traning in Developing Countries (Record no. 343641)

000 -LEADER
fixed length control field 00409 a2200157 4500
082 ## - DEWEY DECIMAL CLASSIFICATION NUMBER
Classification number 350
090 ## - LOCALLY ASSIGNED LC-TYPE CALL NUMBER (OCLC); LOCAL CALL NUMBER (RLIN)
-- 1110
-- 1110
100 ## - MAIN ENTRY--PERSONAL NAME
Personal name Dorji, C. T.
245 ## - TITLE STATEMENT
Title Administrative Traning in Developing Countries
Statement of responsibility, etc. C. T. Dorji
260 ## - PUBLICATION, DISTRIBUTION, ETC.
Place of publication, distribution, etc. New Delhi, India
Name of publisher, distributor, etc. Vikas Publishing House
Date of publication, distribution, etc. 1998
300 ## - PHYSICAL DESCRIPTION
Extent 70
500 ## - GENERAL NOTE
General note Hard Cover
600 ## - SUBJECT ADDED ENTRY--PERSONAL NAME
Personal name Dorji, C. T.
700 ## - ADDED ENTRY--PERSONAL NAME
Personal name Dorji, C. T.
942 ## - ADDED ENTRY ELEMENTS (KOHA)
Institution code [OBSOLETE] NBS
Koha item type Book
Call number prefix 350 DOR
Holdings
Withdrawn status Lost status Damaged status Not for loan Permanent Location Current Location Date acquired Total Checkouts Full call number Barcode Date last seen Date last checked out Price effective from Koha item type
        Central Library (CL) Central Library (CL) 08/28/2013 1 350 DOR NBS457 11/23/2017 08/18/2017 08/28/2013 Book
© 2023 Central Library, National University of Sciences and Technology. All Rights Reserved.